000 00368nam a2200145Ia 4500
005 20240614070443.0
008 240331s9999 xx 000 0 und d
082 _bGAN
_a891.48
100 _aGanesalingan, S
245 0 _aAzhakiyalum aramum
_cS. Ganesalingan
260 _aChennai
_bKumaran Publication
_c2004
300 _a160 p .,
650 _aAesthetics
942 _cL
999 _c3887
_d3887